2024 British Premiership Speedway Riders - Statistics

General Stats
  • This quiz has been taken 29 times
  • The average score is 26 of 60
Answer Stats
Team Nationality Answer % Correct
Belle Vue Aces Great Britain Dan Bewley
94%
Ipswich Witches Australia Jason Doyle
94%
Birmingham Brummies Australia Zach Cook
81%
Belle Vue Aces Australia Ben Cook
75%
Belle Vue Aces Australia Brady Kurtz
75%
Ipswich Witches Russia Emil Sayfutdinov
75%
Sheffield Tigers Australia Chris Holder
69%
Sheffield Tigers Australia Jack Holder
69%
Belle Vue Aces Australia Jaimon Lidsey
69%
King's Lynn Stars Czech Republic Jan Kvech
69%
Ipswich Witches Great Britain Adam Ellis
63%
Leicester Lions/Oxford Spires Great Britain Craig Cook
63%
Ipswich Witches Great Britain Danny King
63%
Birmingham Brummies Great Britain Tom Brennan
63%
Belle Vue Aces Finland Antti Vuolas
56%
Oxford Spires Great Britain Chris Harris
56%
Ipswich Witches Great Britain Dan Thompson
56%
Leicester Lions United States Luke Becker
56%
Leicester Lions Australia Max Fricke
56%
Sheffield Tigers Great Britain Tai Woffinden
56%
Leicester Lions Great Britain Joe Thompson
50%
Oxford Spires Poland Maciej Janowski
50%
Leicester Lions Australia Sam Masters
50%
Oxford Spires Germany Erik Riss
44%
Birmingham Brummies Sweden Fredrik Lindgren
44%
Belle Vue Aces Great Britain Jake Mulford
44%
Sheffield Tigers Great Britain Jason Edwards
44%
Ipswich Witches Great Britain Jordan Jenkins
44%
Ipswich Witches Australia Keynan Rew
44%
Belle Vue Aces Germany Norick Blodorn
44%
Leicester Lions Australia Ryan Douglas
44%
Birmingham Brummies Great Britain Scott Nicholls
44%
Birmingham Brummies Czech Republic Vaclav Milik
44%
Leicester Lions/Oxford Spires Great Britain Drew Kemp
38%
Sheffield Tigers Australia Josh Pickering
38%
Sheffield Tigers Great Britain Kyle Howarth
38%
Birmingham Brummies Great Britain Leon Flint
38%
King's Lynn Stars Denmark Niels-Kristian Iversen
38%
Oxford Spires Australia Rohan Tungate
38%
Belle Vue Aces Australia Tate Zischke
38%
Birmingham Brummies Poland Wiktor Lampart
38%
King's Lynn Stars Denmark Benjamin Basso
31%
Birmingham Brummies Poland Piotr Pawlicki
31%
Oxford Spires Great Britain Ashton Boughen
25%
Sheffield Tigers Great Britain Dan Gilkes
25%
Oxford Spires Great Britain Luke Killeen
25%
King's Lynn Stars/Oxford Spires Denmark Nicolai Klindt
25%
Leicester Lions Great Britain Richard Lawson
25%
Leicester Lions Great Britain Sam Hagon
25%
Birmingham Brummies Great Britain Steve Worrall
25%
King's Lynn Stars Poland Tobiasz Musielak
25%
Oxford Spires Great Britain Charles Wright
19%
King's Lynn Stars Russia Vadim Tarasenko
19%
King's Lynn Stars Great Britain Anders Rowe
13%
Belle Vue Aces Great Britain Connor Bailey
13%
Belle Vue Aces Great Britain Connor Mountain
13%
Birmingham Brummies Australia Justin Sedgmen
13%
King's Lynn Stars/Oxford Spires Great Britain Lewis Kerr
13%
Birmingham Brummies/King's Lynn Stars Denmark Michael Palm Toft
13%
King's Lynn Stars Poland Patryk Wojdylo
13%
No matching quizzes found
Score Distribution
Percent of People with Each Score
Percentile by Number Answered
Your Score History
You have not taken this quiz